15 najbardziej dotkniętych krajów Covid-19 - 2 mar 2021 - Statystyki

Ogólne statystyki
  • Ten quiz został rozwiązany 36 razy
  • Średni wynik to 12 z 27
Statystyki odpowiedzi
kraj % Poprawnych
Polska
97%
Niemcy
88%
Stany Zjednoczone
88%
Hiszpania
81%
Rosja
81%
Włochy
81%
Francja
78%
Indie
59%
Wielka Brytania
56%
Brazylia
53%
Szwecja
47%
Czechy
44%
Portugalia
41%
Holandia
34%
Meksyk
34%
Argentyna
28%
Iran
28%
Litwa
28%
Turcja
28%
Szwajcaria
25%
Belgia
22%
Kolumbia
19%
Słowenia
16%
Gruzja
9%
Bahrajn
6%
Izrael
6%
Panama
3%
Nie znaleziono quizów pasujących do podanych kryteriów
Rozkład punktacji
Procent ludzi z każdym wynikiem
Percentyl według liczby udzielonych odpowiedzi
Twoja historia wyników
Nie rozwiązałeś tego quizu